000
00227 a2200109 4500
001
71095
040
_c
Anchieta - Colégio São Paulo
240
1
0
_a
Sarau CSP 2012
_l
245
1
0
_a
Sarau CSP 2012
650
4
_a
Música
942
_c
MX
999
_c
71095
_d
71095